000 00492nam a22001457a 4500
027 _qHard Cover
040 _cSINES-NUST,
082 _a004
_bAZA
100 _aBasit Azad.
_9104548
245 _aGallium and Germanium Doped Nanodiamonds for Methanol Detection:
_bA Quantum Mechanical Investigation for Sensor applications /
_cAzad, Basit
260 _aIslamabad:
_bSINES-NUST,
_c2022.
300 _a67 p. :
_bill. ;
_c35cm.
650 _xMS-Computational Chemistry.
_9104549
942 _2ddc
_cTHE
999 _c592637
_d592637